000
00303nam a22001337a 4500
020
_a
978-81-203-2723-8
082
_a
621.89
100
_a
Basu, S.K.
245
_a
Fundamental Of Tribology /
260
_a
New Delhi :
_b
PHI ,
_c
2012.
300
_a
259 p. ;
_b
24 cm.
500
_a
Paperback.
942
_c
BK
999
_c
33871
_d
33871